00343nam a2200133Ia 4500008004100000020001500041041001200056082001600068100001400084245006200098260002500160300000800185650001600193221030s9999 xx 000 0 und d a0074623532 aEnglish a105.23bHar aA. Harnal 0aComputer Game Programming Tools & Techniquecby A. Harnal bTMHaNew Delhic1999 a567 aBE Computer